| 000 | 00764nam a22001937a 4500 | ||
|---|---|---|---|
| 008 | 120806t xxu||||| |||| 00| 0 eng d | ||
| 020 | _a9780071751339 | ||
| 050 | _aQA276.12.G44 | ||
| 100 | _aGibilisco, Stan | ||
| 245 |
_aStatistics demystified. / _cStan Gibilisco |
||
| 250 | _a2nd ed. | ||
| 260 |
_aNew York: _bMcGraw-Hill, _c2011. |
||
| 300 |
_axvi, 375 p.: _c24cm. |
||
| 440 | _aMcGraw-Hll Demystified Series | ||
| 500 | _aExam questions and Index | ||
| 505 | _aContents: Part 1 Background mathematics, Learning the jargon, Basic probability, Descriptive measures Part 2 Sampling and estimation,; Hypotheses predictions and regression; Correlation, causation, order , and chaos; Practical review problems | ||
| 650 | _aStatistics | ||
| 942 |
_2lcc _cBK |
||
| 999 |
_c7202 _d14702 |
||